| 000 | 00672cam a2200217 4500 | ||
|---|---|---|---|
| 001 | WB3723-06 | ||
| 008 | 000000n2001 000 0 eng u | ||
| 035 | _a(Sirsi) u113065 | ||
| 245 | _aLloyds TSB to auction branches | ||
| 260 | _c2001 | ||
| 490 |
_aFinancial Times _v 12 June 2001, 28(1) |
||
| 520 | _aLloyds TSB bank is to auction off 100 of its branches, which it will continue to occupy for at least 10 years, raising an estimated £38m from the sale. | ||
| 590 | _aWB | ||
| 650 | _aLLOYDS TSB | ||
| 650 | _aBANK BRANCHES | ||
| 650 | _aBANKS | ||
| 650 | _aLEASES | ||
| 650 | _aSALE AND LEASEBACK | ||
| 690 | _aPROPERTY-COMMERCIAL PROPERTY | ||
| 942 | _n0 | ||
| 999 |
_c67304 _d67304 |
||